01549 a2200205 45000010006000000050017000060080041000230030015000640400040000790800067001192450076001860200018002622500012002802640034002923000024003265050854003500410008012041000032012128560099012444982320260407155759.0260407a2000 arg spa dAR-UNSa-BCEJYS aAR-UNSa-BCEJYSbspacAR-UNSa-BCEJYS a658.16xReorganización financiera (Proyectos de inversión)10aEvaluación de proyectospGuía de ejercicios. Problemas y soluciones a956-278-116-X a2a. ed. 1aSantiago :bMcGraw-Hillc2000 axvi, 354 p.c23 cm. a1. Matemáticas financieras – 2. Proyección de demanda – 3. Estudio de mercado – 4. Flujos de cajas proyectados – 5. Elección de alternativas tecnológicas y decisiones de reemplazo – 6. Decisiones de tamaño y ampliación – 7. Decisiones de localización – 8. Outsourcing – 9. Evaluación de proyectos puros – 10. Evaluación de proyectos financiados – 11. Análisis de sensibilidad – 12. Matemáticas financieras – 13. Proyección de demandas – 14. Estudios de mercado – 15. Flujos de caja proyectados – 16. Elección de alternativas tecnológicas y decisiones de reemplazo – 17. Decisiones de tamaño y ampliación – 18. Decisiones de localización – 19. Outsourcing – 20. Evaluación de proyectos puros – 21. Evaluación de proyectos financiados – 22. Análisis de sensibilidad. aspa1 aSapag Puelma, José Manuel41uhttps://www.biblioeco.unsa.edu.ar/pmb/images/libros/L128201.jpgyImagen de portadaqimage/jpeg